00730cam a2200181 a 450000100100000000500170001000800410002702000150006804000230008305000260010608200190013210000510015124500960020226001180029830000280041670000480044474000560049200000513320200929151603.0880425s1988 pr a 000 0 spa  a0865814015 aDO-SdBNPcDLCdDLC00aPQ7439.R5525bA6 1988 a861b20bR621o1 aRivera Viera, Juan Vicente,d1884-1953.cPadre10aObra literaria /cJuan Vicente Rivera Viera ; compilación de Santiago Maunez Vizcarrondo. aSan Juan, Puerto Rico :bInstituto de Cultura Puertorriqueña :bDivision de Publicaciones y Grabaciones,c1988. a576 p. :bil. ;c24 cm.1 aMaunez Vizcarrondo, Santiago,d1924-eComp.0 aObra literaria del Padre Juan Vicente Rivera Viera.